MLB 2024 Starting Lineups - Statistics

General Stats
  • This quiz has been taken 1,504 times
  • The average score is 135 of 300
Answer Stats
Team # Player PO % Correct
Arizona Diamondbacks 1 Ketel Marte 2B
87%
New York Mets 5 Starling Marte RF
85%
Houston Astros 1 Jose Altuve 2B
84%
Philadelphia Phillies 3 Bryce Harper 1B
82%
Arizona Diamondbacks 2 Corbin Carroll RF
81%
Atlanta Braves 1 Ronald Acuna Jr. RF
81%
Philadelphia Phillies 2 Trea Turner SS
80%
Houston Astros 4 Alex Bregman 3B
79%
Toronto Blue Jays 4 Justin Turner DH
79%
Houston Astros 2 Yordan Alvarez DH
79%
Houston Astros 3 Kyle Tucker RF
78%
Philadelphia Phillies 4 J.T. Realmuto C
76%
Kansas City Royals 2 Bobby Witt Jr. SS
75%
Philadelphia Phillies 1 Kyle Schwarber DH
75%
Atlanta Braves 4 Matt Olson 1B
75%
Arizona Diamondbacks 4 Christian Walker 1B
74%
Cleveland Guardians 5 David Fry DH
74%
Los Angeles Angels 3 Mike Trout CF
74%
Atlanta Braves 2 Ozzie Albies 2B
74%
San Diego Padres 2 Fernando Tatis Jr. RF
73%
St. Louis Cardinals 7 Jordan Walker RF
73%
Los Angeles Dodgers 2 Shohei Ohtani DH
73%
Los Angeles Dodgers 4 Will Smith C
73%
Atlanta Braves 3 Austin Riley 3B
72%
Miami Marlins 3 Bryan De La Cruz DH
72%
Cincinnati Reds 6 Elly De La Cruz SS
72%
New York Mets 7 Francisco Alvarez C
72%
Los Angeles Dodgers 3 Freddie Freeman 1B
72%
Baltimore Orioles 1 Gunnar Henderson SS
72%
Los Angeles Dodgers 1 Mookie Betts SS
72%
San Diego Padres 4 Manny Machado DH
71%
Atlanta Braves 5 Marcell Ozuna DH
71%
Cleveland Guardians 6 Tyler Freeman CF
71%
Philadelphia Phillies P Zack Wheeler P
71%
Kansas City Royals 4 Salvador Perez C
70%
Atlanta Braves P Spencer Strider P
70%
Arizona Diamondbacks P Zac Gallen P
70%
New York Yankees 3 Aaron Judge CF
69%
Baltimore Orioles 2 Adley Rutschman C
69%
Miami Marlins 2 Josh Bell 1B
69%
Houston Astros 8 Jeremy Pena SS
68%
Atlanta Braves 6 Michael Harris II CF
68%
Boston Red Sox 2 Rafael Devers 3B
68%
Houston Astros 5 Jose Abreu 1B
67%
Pittsburgh Pirates 6 O'Neil Cruz SS
67%
Texas Rangers 4 Adolis Garcia RF
66%
Boston Red Sox 8 Enmanuel Valdez 2B
66%
Houston Astros P Framber Valdez P
66%
Washington Nationals 9 Luis Garcia Jr. 2B
66%
Kansas City Royals 1 Maikel Garcia 3B
66%
Baltimore Orioles P Corbin Burnes P
65%
New York Yankees 2 Juan Soto RF
65%
Seattle Mariners 2 Julio Rodriguez CF
65%
Philadelphia Phillies 6 Bryson Stott 3B
64%
Colorado Rockies 6 Elias Diaz C
64%
Arizona Diamondbacks 3 Lourdes Gurriel Jr. LF
64%
Atlanta Braves 7 Sean Murphy C
64%
Houston Astros 7 Yainer Diaz C
64%
Tampa Bay Rays 1 Yandy Diaz 1B
64%
Baltimore Orioles 4 Anthony Santander RF
63%
Philadelphia Phillies 5 Alec Bohm 2B
62%
Texas Rangers 2 Corey Seager SS
62%
Los Angeles Angels 1 Anthony Rendon 3B
61%
Milwaukee Brewers 3 Christian Yelich LF
61%
New York Mets 2 Francisco Lindor SS
61%
New York Yankees 4 Giancarlo Stanton DH
61%
Philadelphia Phillies 7 Nick Castellanos RF
61%
Atlanta Braves 8 Orlando Arcia SS
61%
Toronto Blue Jays 2 Vladimir Guerrero Jr. 1B
61%
New York Yankees 5 Anthony Rizzo 1B
60%
Baltimore Orioles 7 Cedric Mullins CF
60%
Tampa Bay Rays 4 Harold Ramirez DH
60%
San Diego Padres 5 Ha-Seong Kim SS
60%
Cleveland Guardians 2 Jose Ramirez 3B
60%
Los Angeles Dodgers 5 Max Muncy 3B
60%
St. Louis Cardinals 2 Paul Goldschmidt 1B
60%
New York Mets 3 Pete Alonso 1B
60%
Pittsburgh Pirates 2 Bryan Reynolds LF
59%
Chicago Cubs 3 Cody Bellinger CF
59%
Chicago Cubs 5 Dansby Swanson SS
59%
Arizona Diamondbacks 5 Gabriel Moreno C
58%
St. Louis Cardinals 4 Nolan Arenado 3B
58%
Los Angeles Dodgers 6 Teoscar Hernandez LF
58%
St. Louis Cardinals 5 Willson Contreras C
58%
Toronto Blue Jays 3 Bo Bichette SS
57%
Baltimore Orioles 3 Ryan Mountcastle 1B
57%
San Diego Padres 1 Xander Bogaerts 2B
57%
Arizona Diamondbacks 8 Alek Thomas CF
56%
New York Yankees 6 Anthony Volpe SS
56%
Philadelphia Phillies 8 Brandon Marsh LF
56%
Arizona Diamondbacks 6 Eugenio Suarez 3B
56%
Texas Rangers 7 Ezequiel Duran 1B
56%
Boston Red Sox 1 Jarren Duran LF
56%
Chicago White Sox 3 Luis Robert Jr. CF
56%
New York Yankees 1 Gleyber Torres 2B
55%
Washington Nationals 2 Lane Thomas RF
55%
Texas Rangers 1 Marcus Semien 2B
55%
Minnesota Twins 1 Byron Buxton CF
54%
Minnesota Twins 4 Carlos Correa SS
54%
San Diego Padres 3 Jake Cronenworth 1B
54%
Seattle Mariners 1 J.P. Crawford SS
54%
San Francisco Giants 4 Matt Chapman 3B
53%
Milwaukee Brewers 2 William Contreras C
53%
Toronto Blue Jays 1 George Springer RF
52%
Pittsburgh Pirates 3 Ke'Bryan Hayes 3B
52%
Miami Marlins 1 Luis Arraez 2B
52%
Los Angeles Dodgers P Tyler Glasnow P
52%
San Diego Padres P Yu Darvish P
52%
Pittsburgh Pirates 4 Andrew McCutchen DH
51%
Miami Marlins 4 Jazz Chisholm Jr. CF
51%
San Francisco Giants P Logan Webb P
51%
Houston Astros 6 Chas McCormick LF
50%
Arizona Diamondbacks 9 Geraldo Perdomo SS
50%
Chicago Cubs 2 Seiya Suzuki RF
50%
Boston Red Sox 3 Trevor Story SS
50%
New York Yankees 7 Alex Verdugo LF
49%
New York Mets 1 Brandon Nimmo LF
49%
Seattle Mariners 5 Cal Raleigh C
49%
Los Angeles Dodgers 9 Gavin Lux 2B
49%
Philadelphia Phillies 9 Johan Rojas CF
49%
Seattle Mariners 9 Josh Rojas 3B
49%
Cleveland Guardians 1 Steven Kwan LF
49%
Milwaukee Brewers 5 Willy Adames SS
49%
Cincinnati Reds 1 Jonathan India 2B
48%
Cleveland Guardians 4 Josh Naylor 1B
48%
Pittsburgh Pirates 9 Michael A. Taylor CF
48%
Miami Marlins 7 Tim Anderson SS
48%
Boston Red Sox 4 Triston Casas 1B
48%
Kansas City Royals 3 Vinnie Pasquantino 1B
48%
Chicago Cubs 1 Ian Happ LF
47%
New York Mets 4 Jeff McNeil 2B
47%
Chicago White Sox 9 Nicky Lopez 2B
47%
Minnesota Twins P Pablo Lopez P
47%
Tampa Bay Rays 3 Randy Arozarena LF
47%
Tampa Bay Rays 2 Brandon Lowe 2B
46%
Detroit Tigers 7 Javier Baez SS
46%
Texas Rangers 3 Josh Jung 3B
46%
Toronto Blue Jays 6 Alejandro Kirk C
45%
Baltimore Orioles 5 Austin Hays LF
45%
Colorado Rockies 1 Charlie Blackmon RF
45%
Washington Nationals 1 C.J. Abrams SS
45%
San Francisco Giants 1 Jung Hoo Lee CF
45%
San Diego Padres 6 Jurickson Profar LF
45%
Seattle Mariners P Luis Castillo P
45%
Colorado Rockies 3 Nolan Jones LF
45%
Cleveland Guardians P Shane Bieber P
45%
Detroit Tigers P Tarik Skubal P
45%
San Diego Padres 9 Jackson Merrill CF
44%
New York Yankees P Nestor Cortes Jr. P
44%
Pittsburgh Pirates 8 Rowdy Tellez 1B
44%
Los Angeles Dodgers 7 James Outman CF
43%
Chicago Cubs 7 Nico Hoerner 2B
43%
Detroit Tigers 3 Riley Greene LF
43%
Los Angeles Angels 4 Taylor Ward LF
43%
Chicago White Sox 1 Andrew Benintendi LF
42%
Kansas City Royals P Cole Ragans P
42%
Boston Red Sox 9 Connor Wong C
42%
Chicago White Sox P Garrett Crochet P
42%
Texas Rangers 6 Jonah Heim C
42%
New York Yankees 8 Jose Trevino C
42%
Chicago Cubs P Justin Steele P
42%
Los Angeles Angels 8 Logan O'Hoppe C
42%
Baltimore Orioles 8 Ramon Urias 3B
42%
Milwaukee Brewers 8 Gary Sanchez DH
41%
Miami Marlins 5 Jake Burger 3B
41%
Atlanta Braves 9 Jarred Kelenic LF
41%
Miami Marlins 6 Jesus Sanchez RF
41%
Pittsburgh Pirates P Mitch Keller P
41%
New York Yankees 9 Oswaldo Cabrera 3B
41%
Detroit Tigers 2 Spencer Torkelson 1B
41%
Milwaukee Brewers P Freddy Peralta P
40%
San Francisco Giants 2 Jorge Soler DH
40%
Washington Nationals P Josiah Gray P
40%
Boston Red Sox 6 Masataka Yoshida DH
40%
Texas Rangers P Nathan Eovaldi P
40%
Milwaukee Brewers 4 Rhys Hoskins 1B
40%
Oakland Athletics 4 Brent Rooker DH
39%
Baltimore Orioles 9 Jorge Mateo 2B
39%
Washington Nationals 6 Keibert Ruiz C
39%
Colorado Rockies 2 Kris Bryant 1B
39%
San Francisco Giants 3 LaMonte Wade Jr. 1B
39%
Seattle Mariners 8 Ty France 1B
39%
Los Angeles Angels 9 Zach Neto SS
39%
Cleveland Guardians 7 Andres Gimenez 2B
38%
Chicago Cubs 4 Christopher Morel DH
38%
Pittsburgh Pirates 5 Henry Davis C
38%
Milwaukee Brewers 1 Jackson Chourio RF
38%
Los Angeles Dodgers 8 Jason Heyward RF
38%
Oakland Athletics 6 J.D. Davis 3B
38%
Boston Red Sox 5 Tyler O'Neill LF
38%
San Diego Padres 8 Tyler Wade 3B
38%
Chicago White Sox 5 Andrew Vaughn 1B
37%
Chicago White Sox 4 Eloy Jimenez DH
37%
Chicago White Sox 2 Yoan Moncada 3B
37%
Toronto Blue Jays 5 Daulton Varsho LF
36%
Toronto Blue Jays P Jose Berrios P
36%
Minnesota Twins 6 Max Kepler RF
36%
Kansas City Royals 5 MJ Melendez LF
36%
San Francisco Giants 8 Patrick Bailey C
36%
Minnesota Twins 3 Royce Lewis 3B
36%
Colorado Rockies 5 Ryan McMahon 3B
36%
Cincinnati Reds 7 Spencer Steer LF
36%
Kansas City Royals 6 Hunter Renfroe RF
35%
Houston Astros 9 Jake Meyers CF
35%
Baltimore Orioles 6 Jordan Westburg DH
35%
Seattle Mariners 3 Jorge Polanco 2B
35%
Chicago White Sox 8 Martin Maldonado C
35%
Boston Red Sox P Brayan Bello P
34%
Minnesota Twins 5 Carlos Santana 1B
34%
Toronto Blue Jays 9 Cavan Biggio 2B
34%
Colorado Rockies 7 Ezequiel Tovar SS
34%
New York Mets 9 Harrison Bader CF
34%
Chicago Cubs 9 Yan Gomes C
34%
Kansas City Royals 7 Adam Frazier 2B
33%
Oakland Athletics P Alex Wood P
33%
St. Louis Cardinals 1 Brendon Donovan LF
33%
New York Mets 8 Brett Baty 3B
33%
Toronto Blue Jays 7 Kevin Kiermaier CF
33%
St. Louis Cardinals 9 Masyn Winn SS
33%
San Francisco Giants 5 Mike Yastrzemski RF
33%
St. Louis Cardinals P Miles Mikolas P
33%
Pittsburgh Pirates 1 Connor Joe RF
32%
Texas Rangers 8 Evan Carter LF
32%
Tampa Bay Rays 5 Isaac Paredes 3B
32%
Seattle Mariners 6 Mitch Haniger RF
32%
St. Louis Cardinals 3 Nolan Gorman 2B
32%
Cincinnati Reds 9 Tyler Stephenson C
31%
Texas Rangers 5 Wyatt Langford DH
31%
Colorado Rockies 4 Brendan Rodgers 2B
30%
Boston Red Sox 7 Ceddanne Rafaela CF
30%
San Diego Padres 7 Luis Campusano C
30%
Seattle Mariners 4 Mitch Garver DH
30%
Washington Nationals 7 Eddie Rosario CF
29%
Miami Marlins P Jesus Luzardo P
29%
Chicago Cubs 6 Michael Busch 1B
29%
San Francisco Giants 7 Michael Conforto LF
29%
Minnesota Twins 2 Ryan Jeffers C
29%
San Francisco Giants 6 Thario Estrada 2B
29%
Cincinnati Reds 4 Jeimer Candelario 3B
28%
Washington Nationals 5 Joey Gallo 1B
28%
Tampa Bay Rays 7 Jose Siri CF
28%
Los Angeles Angels P Patrick Sandoval P
28%
Oakland Athletics 7 Shae Langeliers C
28%
Oakland Athletics 5 Seth Brown LF
27%
Washington Nationals 3 Jesse Winker LF
26%
Kansas City Royals 9 Kyle Isbel CF
26%
Los Angeles Angels 6 Nolan Schanuel 1B
26%
Cincinnati Reds 3 Christian Encarnacion-Strand 1B
25%
Colorado Rockies P Kyle Freeland P
25%
Oakland Athletics 8 Lawrence Butler RF
25%
Texas Rangers 9 Leody Taveras CF
25%
Cleveland Guardians 8 Austin Hedges C
24%
Los Angeles Angels 5 Brandon Drury 2B
24%
Colorado Rockies 9 Brenton Doyle CF
24%
Detroit Tigers 8 Jake Rogers C
24%
New York Mets P Jose Quintana P
24%
San Francisco Giants 9 Nick Ahmed SS
24%
Chicago White Sox 6 Paul DeJong SS
24%
Cincinnati Reds 2 Will Benson CF
24%
Oakland Athletics 2 Zack Gelof 2B
24%
Arizona Diamondbacks 7 Blaze Alexander DH
23%
Cincinnati Reds 5 Jake Fraley RF
23%
Milwaukee Brewers 7 Joey Ortiz 2B
23%
Detroit Tigers 9 Parker Meadows CF
23%
Los Angeles Angels 7 Miguel Sano DH
22%
Tampa Bay Rays P Zach Eflin P
22%
Washington Nationals 4 Joey Meneses DH
21%
Chicago Cubs 8 Nick Madrigal 3B
21%
Los Angeles Angels 2 Aaron Hicks RF
20%
St. Louis Cardinals 6 Alec Burleson DH
20%
Cincinnati Reds P Frankie Montas P
20%
Oakland Athletics 3 JJ Bleday CF
20%
St. Louis Cardinals 8 Victor Scott II CF
20%
Cleveland Guardians 9 Brayan Rocchio SS
19%
Washington Nationals 8 Ildemaro Vargas 3B
19%
Pittsburgh Pirates 7 Jared Triolo 2B
18%
Minnesota Twins 9 Manuel Margot DH
18%
Detroit Tigers 4 Mark Canha DH
18%
Detroit Tigers 5 Matt Vierling RF
18%
Miami Marlins 8 Nick Gordon LF
18%
Oakland Athletics 1 Ryan Noda 1B
18%
Minnesota Twins 7 Willi Castro LF
18%
Detroit Tigers 6 Colt Keith 2B
17%
Miami Marlins 9 Nick Fortes C
17%
New York Mets 6 DJ Stewart DH
16%
Tampa Bay Rays 8 Jose Caballero SS
16%
Chicago White Sox 7 Kevin Pillar RF
16%
Cleveland Guardians 3 Ramon Laureano RF
16%
Milwaukee Brewers 6 Blake Perkins CF
15%
Minnesota Twins 8 Kyle Farmer 2B
15%
Kansas City Royals 8 Nelson Velazquez DH
15%
Detroit Tigers 1 Andy Ibanez 3B
14%
Oakland Athletics 9 Nick Allen SS
14%
Milwaukee Brewers 9 Andruw Monasterio 3B
13%
Seattle Mariners 7 Dominic Canzone LF
13%
Colorado Rockies 8 Elehuris Montero DH
13%
Cincinnati Reds 8 Nick Martini DH
13%
Tampa Bay Rays 9 Rene Pinto C
11%
Tampa Bay Rays 6 Richie Palacios RF
11%
Toronto Blue Jays 8 Isiah Kiner-Fafela 3B
4%
No matching quizzes found
Score Distribution
Percent of People with Each Score
Percentile by Number Answered
Your Score History
You have not taken this quiz